Statistiques concernant Clubs qui ont joué le plus de matchs en ligue des Champions

Cliquez ici pour prendre le quiz!

Statistiques générales

  • Ce quiz a été pris 462 fois
  • Le résultat moyen est 13 sur 20

Statistiques - réponses

rangmatchs jouésClub% Correct
1476Real Madrid
99%
3339FC Barcelone
98%
5293Manchester United
96%
2382Bayern
94%
8267Milan AC
92%
13205Inter
91%
10248Liverpool
89%
14201Chelsea
88%
4301Juventus
88%
15201Arsenal
85%
11247Ajax
76%
7269Porto
72%
6286Benfica
69%
17187PSV
51%
12222Celtic
41%
20173Rangers
33%
18186Olympiakos
20%
16200Anderlecht
18%
19177Galatasaray
16%
9255Dynamo Kiev
15%

Distribution des résultats

Percentile par nombre de réponses

% des personnes avec chaque résultat

Votre développement - résultats

Vous n’avez pas pris ce quiz